000
00317nam a2200133Ia 4500
008
191201s2013 xx 000 0 und d
100
_a
SHARMA, Sanjay
245
0
_a
Analog Communication System
250
_a
6th
260
_a
New Delhi
_b
katson
_c
2013
300
_a
649
650
_a
B.Tech(CSE)
942
_2
ddc
_c
BK
_0
27
999
_c
5695
_d
5695